| 000 | 00594nam a22001937a 4500 | ||
|---|---|---|---|
| 005 | 20251108164833.0 | ||
| 008 | 250721s9999 xx 000 0 ara d | ||
| 082 | 1 | 4 | _a371.3/محم |
| 100 | 1 | _aشعلان، محمد سليمان | |
| 245 | 1 | 0 |
_aهذا هو التدريس : _bمدخل لإعداد المعلم / |
| 264 | 1 |
_aالقاهرة : _bمكتبة غريب، _c[19-]. |
|
| 300 | _a159ص | ||
| 650 | 1 | 7 | _aالتدريس |
| 650 | 1 | 7 | _aوسائل التدريس |
| 650 | 1 | 7 | _aأساليب التدريس |
| 700 | 1 | _aجاد الله، سعاد | |
| 942 |
_2ddc _cBK |
||
| 999 |
_c15526 _d15526 |
||